| 000 | 00635nmm a2200253 a 4500 | ||
|---|---|---|---|
| 003 | AR-BaBNM | ||
| 005 | 20251128204405.0 | ||
| 008 | 285019s1993 ||||||||||||||000 | spa|| | ||
| 020 | _a950-07-0029-8 | ||
| 040 | _cAR-BaBNM | ||
| 100 | 1 | _aGarcía Márquez, Gabriel | |
| 245 | 1 | 0 | _aCien años de soledad |
| 250 | _a90ª ed. | ||
| 260 |
_aBuenos Aires _bSudamericana _c1993 |
||
| 300 | _a352 p. | ||
| 650 | 4 | _aLITERATURA LATINOAMERICANA | |
| 650 | 4 | _aSIGLO VEINTE | |
| 653 | _aLITERATURA COLOMBIANA | ||
| 653 | _aREALISMO MAGICO | ||
| 653 | _aBOOM LATINOAMERICANO | ||
| 655 | _aLITERATURA | ||
| 942 | _cBK | ||
| 998 | _cisola | ||
| 999 |
_c7267 _d7267 |
||